000 00634cam a2200205 4500
001 ABS62157
008 000000n2000 000 0 eng u
035 _a(Sirsi) u105895
100 _aStannard, M.
245 _aCorruption in property
260 _c2000
490 _aProperty Week
_v65(18) 5 May 2000, 68-69(2)
520 _aHighlights the problems relating to fraud within the property industry. Advises on what measures can be taken to reduce its risk.
590 _aABS
650 _aFRAUD
650 _aCRIME PREVENTION
650 _aCONFLICTS OF INTEREST
690 _aMANAGEMENT-BUSINESS MANAGEMENT
942 _n0
999 _c63408
_d63408